Hukum ta'zir dalam Kanun Jenayah Syariah Kelantan pindaan 2/85 /
Saved in:
| Main Author: | |
|---|---|
| Format: | Thesis |
| Language: | English |
| Published: |
Petaling Jaya
: Universiti Islam Antarabangsa Malaysia,
1988?
|
| Subjects: | |
| Tags: |
Add Tag
No Tags, Be the first to tag this record!
|
| LEADER | 010680000a22002650004500 | ||
|---|---|---|---|
| 001 | 61623 | ||
| 005 | 20070608233900.0 | ||
| 008 | 930126s1988 eng | ||
| 035 | |a 232302 | ||
| 035 | |a (Sirsi) 61623 | ||
| 040 | |a UIAM |b eng | ||
| 049 | |b m | ||
| 050 | |a BP158.4H63 | ||
| 100 | 0 | |a Abdul Aziz Mohamad, Hj | |
| 245 | 1 | 0 | |a Hukum ta'zir dalam Kanun Jenayah Syariah Kelantan pindaan 2/85 / |c oleh Hj. Abdul Aziz bin Hj. Mohamad |
| 260 | 1 | |a Petaling Jaya |b : Universiti Islam Antarabangsa Malaysia, |c 1988? | |
| 300 | |a 157 p. | ||
| 502 | |a (D.A.I.J.)--Universiti Islam Antarabangsa Malaysia, 1988 | ||
| 596 | |a 1 | ||
| 650 | 0 | |a Punishment (Islamic law) | |
| 650 | 0 | |a Islamic law |z Kelantan | |
| 900 | |a arr-imj-bal170993 | ||
| 999 | |c 430013 |d 461504 | ||
| 952 | |0 0 |6 LU T BP158.4H63A136H 1988 |7 0 |8 THESES |9 749027 |a IIUM |b IIUM |c CLOSEACCES |g 0.00 |o lu t BP158.4H63A136H 1988 |p 00010981812 |r 2017-10-24 |t 1 |v 0.00 |y THESIS | ||
| 952 | |0 0 |6 T BP158.4H63A136H 1988 |7 0 |8 THESES |9 749028 |a IIUM |b IIUM |c MULTIMEDIA |g 0.00 |o t BP158.4H63A136H 1988 |p 00000094553 |r 2017-10-17 |t 2 |v 0.00 |y THESIS | ||
